Advanced financial management : (Record no. 98778)
[ view plain ]
| 000 -LEADER | |
|---|---|
| fixed length control field | 00945nam a22002657a 4500 |
| 003 - CONTROL NUMBER IDENTIFIER | |
| control field | URS |
| 005 - DATE AND TIME OF LATEST TRANSACTION | |
| control field | 20260223164113.0 |
| 008 - FIXED-LENGTH DATA ELEMENTS--GENERAL INFORMATION | |
| fixed length control field | 260214t2025 ph ||||| |||| 001 0 eng d |
| 020 ## - INTERNATIONAL STANDARD BOOK NUMBER | |
| International Standard Book Number | 9786214063901 |
| 040 ## - CATALOGING SOURCE | |
| Original cataloging agency | DLC |
| Language of cataloging | DLC |
| Transcribing agency | DLC |
| Modifying agency | URS |
| -- | DLC |
| Description conventions | rda |
| 082 ## - DEWEY DECIMAL CLASSIFICATION NUMBER | |
| Classification number | 658.15 |
| Item number | Ad951 2025 |
| 100 ## - MAIN ENTRY--PERSONAL NAME | |
| Personal name | Abante, Marmelo V., |
| Relator term | authors. |
| 245 ## - TITLE STATEMENT | |
| Title | Advanced financial management : |
| Remainder of title | financial strategy and corporate finance / |
| Statement of responsibility, etc. | Marmelo V. Abante, ...[and three others]. |
| 264 ## - PRODUCTION, PUBLICATION, DISTRIBUTION, MANUFACTURE, AND COPYRIGHT NOTICE | |
| Place of production, publication, distribution, manufacture | Intramuros, Manila: |
| Name of producer, publisher, distributor, manufacturer | Mindshapers Co., Inc., |
| Date of production, publication, distribution, manufacture, or copyright notice | [2025] |
| 300 ## - PHYSICAL DESCRIPTION | |
| Extent | x, 203 pages; |
| Dimensions | 26 cm. |
| 336 ## - CONTENT TYPE | |
| Source | rdacontent |
| Content type term | text |
| Content type code | txt |
| 337 ## - MEDIA TYPE | |
| Source | rdamedia |
| Media type term | unmediated |
| Media type code | n |
| 338 ## - CARRIER TYPE | |
| Source | rdacarrier |
| Carrier type term | volume |
| Carrier type code | nc |
| 504 ## - BIBLIOGRAPHY, ETC. NOTE | |
| Bibliography, etc. note | Includes bibliographical references (page 203), and indexes. |
| 650 ## - SUBJECT ADDED ENTRY--TOPICAL TERM | |
| Topical term or geographic name entry element | Financial management. |
| 700 ## - ADDED ENTRY--PERSONAL NAME | |
| Personal name | Bacay, Rene Boy R., |
| Relator term | authors. |
| 700 ## - ADDED ENTRY--PERSONAL NAME | |
| Personal name | Bacay, Erika F., |
| Relator term | authors. |
| 700 ## - ADDED ENTRY--PERSONAL NAME | |
| Personal name | Gonzales, Ma. Teresa V., |
| Relator term | authors. |
| 942 ## - ADDED ENTRY ELEMENTS (KOHA) | |
| Source of classification or shelving scheme | Dewey Decimal Classification |
| Koha item type | Filipiniana |
| Withdrawn status | Source of classification or shelving scheme | Damaged status | Not for loan | Home library | Current library | Shelving location | Date acquired | Total Checkouts | Full call number | Barcode | Date last seen | Copy number | Price effective from | Koha item type |
|---|---|---|---|---|---|---|---|---|---|---|---|---|---|---|
| Dewey Decimal Classification | Pililla College Library | Pililla College Library | Filipiniana Section | 02/14/2026 | 658.15 Ad951 2025 | URSPIL-7490 | 02/14/2026 | 2 | 02/14/2026 | Filipiniana | ||||
| Dewey Decimal Classification | Pililla College Library | Pililla College Library | Filipiniana Section | 02/14/2026 | 658.15 Ad951 2025 | URSPIL-7489 | 02/16/2026 | 1 | 02/14/2026 | Filipiniana |